Purchasing: Principles and Applications (Record no. 2414)

MARC details
005 - DATE AND TIME OF LATEST TRANSACTION
control field 20250516135347.0
020 ## - INTERNATIONAL STANDARD BOOK NUMBER
International Standard Book Number 0-13-742163-X
082 ## - DEWEY DECIMAL CLASSIFICATION NUMBER
Classification number 658.72 HEI
100 ## - MAIN ENTRY--PERSONAL NAME
Author name HEINRITZ, S . F .
245 ## - TITLE STATEMENT
Title Purchasing: Principles and Applications
250 ## - EDITION STATEMENT
Edition statement 6th Ed.
260 ## - PUBLICATION, DISTRIBUTION, ETC.
Place of publication, distribution, etc. Englewood Cliffs, N . J ,
Name of publisher, distributor, etc. Prentice-Hall,
Date of publication, distribution, etc. 1981.
300 ## - PHYSICAL DESCRIPTION
Extent vii, 487p.: chart, figure, table,
Other physical details bibliography & index,
Dimensions 23cm.
700 ## - ADDED ENTRY--PERSONAL NAME
Other authors/Editors FARRELL, P .V .
942 ## - ADDED ENTRY ELEMENTS (KOHA)
Source of classification or shelving scheme Dewey Decimal Classification
Koha item type Books
Holdings
Date last seen Total checkouts Full call number Barcode Cost, replacement price Price effective from Koha item type Lost status Source of classification or shelving scheme Damaged status Not for loan Withdrawn status Home library Current library Shelving location Date acquired Cost, normal purchase price
05/16/2025   658.72 HEI 0000009076 30000.00 05/16/2025 Books   Dewey Decimal Classification       College of Business Education Main Library College of Business Education Main Library General Collection 01/15/1985 10000.00